Elden Ring Sites of Grace (Picture Quiz)🗡️ - Statistics

General Stats
  • This quiz has been taken 59 times
  • The average score is 16 of 52
Answer Stats
Picture Answer % Correct
First Step
87%
Church of Elleh
74%
Table of Lost Grace
61%
Elden Throne
57%
The Four Belfries
54%
Grand Lift of Dectus
48%
Nokstella, Eternal City
46%
Cave of Knowledge
41%
Windmill Heights
41%
Jarburg
39%
Bestial Sanctum
37%
Erdtree Sanctuary
37%
Forge of the Giants
37%
Grand Lift of Rold
37%
Nokron, Eternal City
37%
Ordina Liturgical Town
37%
Sellia Under-Stair
37%
Temple of Eiglay
37%
Consecrated Snowfield
35%
Queen's Bedchamber
35%
Redmane Castle Plaza
35%
Boilprawn Shack
33%
Cocoon of the Empyrean
33%
Deeproot Depths
33%
Erdtree-Gazing Hill
33%
Inner Aeonia
33%
Village of the Albinaurics
33%
Grand Cloister
30%
Lake-Facing Cliffs
30%
Ancestral Woods
28%
Siofra River Well Depths
28%
Gatefront Ruins
26%
Prince of Death's Throne
24%
Church of the Cuckoo
22%
Royal Moongazing Grounds
20%
Audience Pathway
17%
Avenue Balcony
17%
Drainage Channel
17%
Freezing Lake
17%
Dragon Temple
13%
Dynasty Mausoleum Midpoint
13%
Haligtree Town
13%
Main Academy Gate
13%
Stormveil Cliffside
13%
Church of the Eclipse
11%
Prison Town Church
11%
Capital Rampart
9%
Haligtree Canopy
9%
Tempest-Facing Balcony
9%
Underground Roadside
9%
Forest-Spanning Greatbridge
7%
Haligtree Roots (I'm Malenia, Blade of Miquella)
2%
No matching quizzes found
Score Distribution
Percent of People with Each Score
Percentile by Number Answered
Your Score History
You have not taken this quiz